| 000 | 00761nam a2200193 a 4500 | ||
|---|---|---|---|
| 003 | PILC | ||
| 005 | 20241030162643.0 | ||
| 008 | 070205s19uu xx 00 eng d[1958] | ||
| 010 | _aAcc#17145 | ||
| 040 | _cPhilippine Baptist Theological Seminary | ||
| 050 |
_aBV 2061 _bN415 [1958] |
||
| 100 | 1 | 0 | _aNevius, John L. |
| 245 | 1 | 0 |
_aThe planting and development of missionary churches / _cby John L. Nevius. |
| 260 | 0 |
_aNutley, NJ : _bThe Presbyterian and Reformed Publishing Company, _cc[1958] |
|
| 300 | _a92 p. ; 21 cm. | ||
| 505 | _aThe Old system criticized How to deal with new converts? Origin and growth of stations in central Shan-Tung Organization of stations, present and prospective Beginning work | ||
| 650 | _aMISSIONS | ||
| 942 |
_cCB _2lcc |
||
| 999 |
_c6306 _d6306 |
||